000 00636nam a2200241Ia 4500
003 OSt
005 20220926031814.0
006 a|||||r|||| 00| 0
007 ta
008 220923b |||||||| |||| 00| 0 eng d
037 _cGeneral Book
040 _aRTL
_cRTL
_beng
041 _2eng
_aeng
082 _aZ,315.8.N7, M0
100 _aBaxt R
_9336363
245 0 _aGuide book to partnership law
260 _aSidney
_bC C H Australia
_c1980
300 _avii, 307p
_ccm.
500 _aAppendix: P 243-50
650 _aLaw
_97240
942 _hZ,315.8.N7, M0
_cGB
_2CC
999 _c653188
_d653188